000 00300nam a22001337a 4500
008 170525b xxu||||| |||| 00| 0 eng d
020 _a9780201398151
041 _aeng
080 _26 ED
_a62
100 _a26
101 _aIM
245 _aSOFTWARE ENGINEERING
_cSOMMERVILLE.I
942 _2udc
_cBK
999 _c14202
_d14202